Statistiken für Errate Länder anhand ihrer Wahrzeichen

Klicken Sie hier um das Quiz zu spielen!

Allgemein

  • Dieses Quiz wurde 233 mal gespielt
  • Das Durchschnittsergebnis liegt bei 26 aus 32

Antwortstatistiken

Antwort% Korrekt
Ägypten
100%
Deutschland
100%
Italien
100%
Brasilien
99%
China
99%
Vereinigtes Königreich
99%
Australien
98%
Frankreich
98%
Vereinigte Staaten
98%
Indien
97%
Russland
97%
Griechenland
94%
Japan
92%
Mexiko
86%
Peru
86%
Spanien
85%
Belgien
84%
Vereinigte Arabische Emirate
83%
Dänemark
82%
Saudi-Arabien
82%
Türkei
80%
Kanada
76%
Südkorea
71%
Thailand
70%
Kambodscha
67%
Malaysia
67%
Singapur
63%
Taiwan
62%
Vatikanstadt
62%
Finnland
40%
Kasachstan
35%
Lettland
28%

Verteilung der Resultate

Perzentil nach korrekt beantworteten Fragen

Anzahl Personen mit jedem Resultat

Ihre Resultats-Entwicklung

Sie haben dieses Quiz noch nicht gespielt